000 00405nam a22001697a 4500
003 MPLRDC
005 20220104113600.0
008 210129b ||||| |||| 00| 0 eng d
082 _a857.621 GJKH v.1
100 _a王凯竹译
245 _a银河铁卫
_c
260 _a
_b国家出版社
_c
300 _b
490 _a国家科幻丛书. 1
650 _a科幻小说
942 _cBK
_o857.621 GJKH v.1
999 _c775
_d765